| 000 | 00475nam a2200169 i 4500 | ||
|---|---|---|---|
| 001 | 140715 | ||
| 003 | ES-MaACL | ||
| 005 | 20251017115915.0 | ||
| 007 | t| | ||
| 008 | 070914s1903 xxk |||| | eng d | ||
| 100 | 1 |
_aYeats, W. B., _d1865-1939 _9242374 |
|
| 245 | 1 | 4 |
_aThe wind among the reeds / _cby William Butler Yeats. |
| 260 |
_aLondon : _bElkin Mathews, _c1903. |
||
| 300 |
_aVII, 108 p. ; _c20 cm. |
||
| 852 |
_aES-MaACL _jF-8511 |
||
| 999 |
_c140715 _d140715 |
||